Trisected Countries Quiz Stats

 Plays Quiz Updated Feb 15, 2019

Score 0/84 Timer 03:00
3 Plays Today
Letters Country % Correct
FRFRANCE
94.6%
ANFRANCE
94.6%
CEFRANCE
94.5%
UGUGANDA
88.5%
ANUGANDA
88.5%
DAUGANDA
88.5%
RWRWANDA
88.3%
ANRWANDA
88.3%
DARWANDA
88.3%
CYCYPRUS
86.4%
PRCYPRUS
86.4%
USCYPRUS
86.4%
ZAZAMBIA
86.1%
MBZAMBIA
86.1%
IAZAMBIA
86.1%
POPOLAND
83.6%
LAPOLAND
83.6%
NDPOLAND
83.6%
SWSWEDEN
79.5%
EDSWEDEN
79.5%
ENSWEDEN
79.4%
BHBHUTAN
79.4%
UTBHUTAN
79.4%
ANBHUTAN
79.4%
ISISRAEL
79.2%
RAISRAEL
79.2%
ELISRAEL
79.2%
ANANGOLA
78.7%
Letters Country % Correct
GOANGOLA
78.7%
LAANGOLA
78.7%
RURUSSIA
78.6%
SSRUSSIA
78.6%
IARUSSIA
78.6%
KUKUWAIT
78.6%
WAKUWAIT
78.6%
ITKUWAIT
78.6%
JOJORDAN
78.3%
RDJORDAN
78.3%
ANJORDAN
78.3%
GRGREECE
77.2%
EEGREECE
77.2%
CEGREECE
77.2%
CACANADA
77%
NACANADA
77%
DACANADA
77%
NONORWAY
73.7%
RWNORWAY
73.7%
AYNORWAY
73.7%
GUGUYANA
72%
YAGUYANA
72%
NAGUYANA
72%
MEMEXICO
68.8%
XIMEXICO
68.8%
COMEXICO
68.8%
LALATVIA
68.7%
TVLATVIA
68.7%
Letters Country % Correct
IALATVIA
68.7%
LUTUVALU
67.6%
TUTUVALU
66.8%
VATUVALU
66.8%
TUTURKEY
65.4%
RKTURKEY
65.4%
EYTURKEY
65.4%
GAGAMBIA
64.9%
MBGAMBIA
64.9%
IAGAMBIA
64.9%
GUGUINEA
62.2%
INGUINEA
62.2%
EAGUINEA
62.2%
BRBRUNEI
61.3%
UNBRUNEI
61.3%
EIBRUNEI
61.3%
PAPANAMA
59.5%
NAPANAMA
59.5%
MAPANAMA
59.5%
MAMALAWI
57.2%
LAMALAWI
57.2%
WIMALAWI
57.2%
MOMONACO
55.9%
NAMONACO
55.9%
COMONACO
55.9%
TATAIWAN
49.1%
IWTAIWAN
49.1%
ANTAIWAN
49.1%

You're not logged in!

Compare scores with friends on all Sporcle quizzes.
OR
Log In

Show Comments

Extras

Top Quizzes Today


Score Distribution

Your Account Isn't Verified!

In order to create a playlist on Sporcle, you need to verify the email address you used during registration. Go to your Sporcle Settings to finish the process.

Report this User

Report this user for behavior that violates our Community Guidelines.

Details: